Ética mínima. (Registro nro. 516)

Detalles MARC
000 -LEADER
fixed length control field 00910cam a2200253 a 4500
005 - FECHA ULTIMA MODIFICACION
control field 20240619121704.0
008 - CAMPO DE CONTROL (LIBRO)
fixed length control field 100708s2004||||sp f |||| 00| 0 spa d
020 ## - INTERNATIONAL STANDARD BOOK NUMBER
ISBN 8430941665
041 ## - CODIGO DE IDIOMA
Código de idioma del texto/pista de sonido o título separado spa
092 ## - SIGNATURA TOPOGRAFICA DEWEY LOCAL
número de clasificación 170
libristica 13
sección COR
100 1# - ENTRADA PRINCIPAL--NOMBRE PERSONAL
Nombre personal Cortina, Adela.
9 (RLIN) 1042
245 ## - TITULO PROPIAMENTE DICHO
Título Ética mínima.
Subtítulo y Título paralelo Introducción a la filosofía práctica /
Mención de responsabilidad y remanente de la transcripción de la portada Adela Cortina.
250 ## - MENCION DE EDICION
Mención de edición 9a ed.
Mención de responsabilidad relacionada con la ed. Prólogo José Luís L. Aranguren.
260 ## - PIE DE IMPRENTA
Lugar de publicación, distribución, etc Madrid:
Nombre de la editorial, distribuidor, etc Tecnos (Grupo Anaya);
Fecha de publicación 2004.
300 ## - DESCRIPCION FISICA
Extension 295 p.
500 ## - NOTA GENERAL
Nota general Cortina, A. (2004). Ética mínima. Introducción a la filosofía práctica. (9a ed.). Madrid : Tecnos (Grupo Anaya).
653 ## - TÉRMINO INDIZADO - PALABRAS CLAVES
Palabra clave Ambito de la ética
653 ## - TÉRMINO INDIZADO - PALABRAS CLAVES
Palabra clave Problema de la fundamentación
653 ## - TÉRMINO INDIZADO - PALABRAS CLAVES
Palabra clave Etica y política. Una moral para la democracia
653 ## - TÉRMINO INDIZADO - PALABRAS CLAVES
Palabra clave Etica sin religión?
653 ## - TÉRMINO INDIZADO - PALABRAS CLAVES
Palabra clave Virtud o felicidad? en favor de una ética de mínimos
930 ## - NUMERO DE INVENTARIO
Número de inventario 1217
942 ## - ADDED ENTRY ELEMENTS (KOHA)
Source of classification or shelving scheme Dewey Decimal Classification
Item type Libros
Existencias
Estado de retiro Existencia Fuente de clasificación Estado general No para prestamo Ubicación permanente ubicación actual Sala de ubicación Fecha de adquisición Total Checkouts Número de clasificación Código de barras Date last seen Número de ejemplar Price effective from Koha tipo de elemento (item)
    Dewey Decimal Classification     Biblioteca Medicina Biblioteca Medicina Circulación 13/05/2011   170 13 COR 1217 06/11/2014 Ej.1 13/05/2011 Libros

UNIVERSIDAD NACIONAL DEL COMAHUE
Biblioteca de la Facultad de Ciencias Médicas
Sede Toschi: Los Arrayanes y Av. Toschi, Cipolletti  - Rio Negro
Sede Los Tordos:  Yrigoyen al 2211, Cipolletti - Rio Negro 

Teléfono: 0299 - 4774707 int 25
Contacto: biblioteca@facimed.uncoma.edu.ar
© 2011 - 2026